Personaggi di fantasia - I - - Statistics

Statistiche generali
  • Questo quiz è stato fatto 2.202 volte
  • Il punteggio medio è 7 su 16
Statistiche sulle risposte
con Immagini Risposta % Corretto
Iron man
96%
IT
96%
Icaro
86%
Indiana Jones
85%
Idra
57%
Ivan Drago
55%
Iside
51%
Igor
43%
Isabela Madrigal
24%
Inuyasha
23%
Isidoro
15%
Imhotep
11%
Ivanhoe
8%
Izzy
8%
Irina palm
7%
Ippomene
4%
Nessun quiz corrispondente trovato
Distribuzione punteggi
Percentuale di utenti per punteggio
Percentile per numero di risposta
I tuoi punteggi nel tempo
Non hai fatto questo quiz